|
|
|
|
| LEADER |
00949pam a22003138a 4500 |
| 001 |
00035743 |
| 005 |
20171026081025.0 |
| 008 |
161228s2016 ||||||Viesd |
| 020 |
# |
# |
|c 53000
|a 978 604 2 03069 4
|
| 041 |
0 |
# |
|a Vie
|
| 082 |
1 |
4 |
|a 895.922 334
|b C428C
|
| 100 |
1 |
# |
|a Ma, Văn Kháng
|
| 245 |
0 |
0 |
|a Coi cút giữa cảnh đời
|c Ma Văn Kháng
|b Tiểu thuyết
|
| 250 |
# |
# |
|a Tái bản lần thứ 5
|
| 260 |
# |
# |
|a Hà Nội
|b Kim đồng
|c 2016
|
| 300 |
# |
# |
|a 232tr.
|c 23 cm.
|
| 653 |
# |
# |
|a Tiểu thuyết
|
| 653 |
# |
# |
|a Văn học Hiện đại
|
| 653 |
# |
# |
|a Văn học Việt Nam
|
| 852 |
# |
# |
|b Kho mượn
|j KM.0020189, KM.0020217
|
| 852 |
# |
# |
|b Kho đọc
|j KD.0019256
|
| 852 |
# |
# |
|j KM.0020189
|j KM.0020217
|j KD.0019256
|
| 910 |
0 |
# |
|d 28/12/2016
|
| 980 |
# |
# |
|a Trung tâm Học liệu Lê Vũ Hùng, Trường Đại học Đồng Tháp
|